000 00549nam a22001817a 4500
005 20251108173101.0
008 250721s2005 xx 000 0 ara d
020 _a9957452134
082 1 4 _a615/ عمي
100 1 _aعميرة، إسراء
245 1 0 _aعلم العقاقير الطبية النظرية و العملية /
264 1 _aعمان :
_bدار البداية ناشرون و موزعون،
_c2005.
300 _a346ص
650 1 7 _aعلم العقاقير
650 1 7 _aالأدوية
942 _2ddc
_cBK
999 _c95686
_d95686